000 00430nam a2200169Ia 4500
001 22492
005 20260414150835.0
008 260414t1995||||xx |||||||||||||| ||spa||
041 _aESP
082 _a621.381952
_bM12
100 _aMaccabe, Arthur B.
_eAUT
245 0 _aSistemas computacionales :
_barquitectura y programación de sistemas
260 _c1995
650 _aTCA
654 _aCET
942 _cLIB
_dJUS
_fJUS
_2ddc
_n
999 _c22492
_d22492